Impediments to union democracy : hearing before the Subcommittee on Employer-Employee Relations of the Committee on Education and the Workforce, House of Representatives, One Hundred Fifth Congress, second session, hearing held in Washington, DC.
| Corporate Authors: | , |
|---|---|
| Format: | Government Document eBook |
| Language: | English |
| Published: |
Washington :
U.S. G.P.O. :
1998.
|
| Series: | U.S. Congressional Hearings.
|
| Subjects: | |
| Online Access: | Connect to the full text of this electronic book Connect to the full text of this electronic book Connect to the full text of this electronic book Connect to the full text of this electronic book Connect to the full text of this electronic book |
MARC
| Tag | First Indicator | Second Indicator | Subfields |
|---|---|---|---|
| LEADER | 00000cam a22000001a 4500 | ||
| 001 | in00003248913 | ||
| 005 | 20190404192954.0 | ||
| 006 | m d f | ||
| 007 | cr bn mmmapmmp | ||
| 008 | 091027s1998 dcua ob f001 0 eng d | ||
| 035 | |a cis2007469507 | ||
| 040 | |a UMI |c UMI |d UtOrBLW | ||
| 043 | |a n-us--- | ||
| 074 | |a 1015-A | ||
| 074 | |a 1015-B (MF) | ||
| 086 | 0 | |a Y 4.ED 8/1:105-102 | |
| 086 | 0 | |a Y 4.ED 8/1:105-125 | |
| 086 | 0 | |a Y 4.ED 8/1:105-140 | |
| 086 | 0 | |a Y 4.ED 8/1:105-146 | |
| 086 | 0 | |a Y 4.ED 8/1:106-63 | |
| 088 | |a Serial no. 105-102 (United States. Congress. House. Committee on Education and the Workforce) | ||
| 088 | |a Serial no. 105-125 (United States. Congress. House. Committee on Education and the Workforce) | ||
| 088 | |a Serial no. 105-140 (United States. Congress. House. Committee on Education and the Workforce) | ||
| 088 | |a Serial no. 105-146 (United States. Congress. House. Committee on Education and the Workforce) | ||
| 088 | |a Serial no. 106-63 (United States. Congress. House. Committee on Education and the Workforce) | ||
| 099 | |a HRG-1998-HEW-0017 | ||
| 099 | |a HRG-1998-HEW-0018 | ||
| 099 | |a HRG-1998-HEW-0019 | ||
| 099 | |a HRG-1998-HEW-0046 | ||
| 099 | |a HRG-1999-HEW-0026 | ||
| 110 | 1 | |a United States. |b Congress. |b House. |b Committee on Education and the Workforce. |b Subcommittee on Employer-Employee Relations. | |
| 245 | 1 | 0 | |a Impediments to union democracy : |b hearing before the Subcommittee on Employer-Employee Relations of the Committee on Education and the Workforce, House of Representatives, One Hundred Fifth Congress, second session, hearing held in Washington, DC. |
| 246 | 1 | |i Title on pt. 7: |a Union democracy | |
| 264 | 1 | |a Washington : |b U.S. G.P.O. : |c 1998. | |
| 264 | 2 | |a Washington : |b For sale by the U.S. G.P.O., Supt. of Docs., Congressional Sales Office, | |
| 300 | |a 1 online resource. | ||
| 336 | |a text |b txt |2 rdacontent | ||
| 337 | |a computer |b c |2 rdamedia | ||
| 338 | |a online resource |b cr |2 rdacarrier | ||
| 500 | |a Record is based on bibliographic data in ProQuest Congressional Hearings Digital Collection. Reuse except for individual research requires license from ProQuest, LLC. | ||
| 504 | |a Includes bibliographical references and indexes. | ||
| 505 | 1 | |a [pt. 1]. [without special title] -- pt. 2. Right to vote in the Carpenter's Union? -- pts. 3-4. Rank-and-file rights in the American Radio Association -- pt. 7. Government supervision of the Hotel Employees and Restaurant Employees International Union. | |
| 538 | |a System requirements: PDF reader software. | ||
| 500 | |a Electronic resource. | ||
| 610 | 2 | 0 | |a United Brotherhood of Carpenters and Joiners of America. |
| 610 | 2 | 0 | |a American Radio Association. |
| 610 | 2 | 0 | |a Hotel Employees & Restaurant Employees International Union. |
| 650 | 0 | |a Labor unions |x Law and legislation |z United States. | |
| 650 | 0 | |a Employee rights |z United States. | |
| 650 | 0 | |a Labor union democracy |z United States. | |
| 655 | 7 | |a Electronic books. |2 local | |
| 710 | 2 | |a ProQuest (Firm) | |
| 776 | 0 | 8 | |i Print version: |a United States. Congress. House. Committee on Education and the Workforce. Subcommittee on Employer-Employee Relations. |t Impediments to union democracy |w (DLC)99181293 |w (DGPO)99050905 |w (OCoLC)40625437 |
| 776 | 0 | 8 | |i Microfiche version: |a United States. Congress. House. Committee on Education and the Workforce. Subcommittee on Employer-Employee Relations. |t Impediments to union democracy. |d [Bethesda, Md.] : ProQuest,[2004] |o CIS 99 H341-27 (pt.1) |o CIS 99 H341-28 (pt.2) |o CIS 99 H341-29 (pt.3) |o CIS 99 H341-56 (pt.4) |o CIS 99 H341-128 (pt.7) |w (ProQuest)cis09900395 |
| 830 | 0 | |a U.S. Congressional Hearings. | |
| 856 | 4 | 0 | |u http://proxy.library.tamu.edu/login?url=http://congressional.proquest.com/congcomp/getdoc?HEARING-ID=HRG-1998-HEW-0017 |z Connect to the full text of this electronic book |t 0 |
| 856 | 4 | 0 | |u http://proxy.library.tamu.edu/login?url=http://congressional.proquest.com/congcomp/getdoc?HEARING-ID=HRG-1998-HEW-0018 |z Connect to the full text of this electronic book |t 0 |
| 856 | 4 | 0 | |u http://proxy.library.tamu.edu/login?url=http://congressional.proquest.com/congcomp/getdoc?HEARING-ID=HRG-1998-HEW-0019 |z Connect to the full text of this electronic book |t 0 |
| 856 | 4 | 0 | |u http://proxy.library.tamu.edu/login?url=http://congressional.proquest.com/congcomp/getdoc?HEARING-ID=HRG-1998-HEW-0046 |z Connect to the full text of this electronic book |t 0 |
| 856 | 4 | 0 | |u http://proxy.library.tamu.edu/login?url=http://congressional.proquest.com/congcomp/getdoc?HEARING-ID=HRG-1999-HEW-0026 |z Connect to the full text of this electronic book |t 0 |
| 998 | |a cis09900395 | ||
| 999 | |a MARS | ||
| 999 | f | f | |s 90addc73-4c04-3a79-b8fe-98906140f2f5 |i ad43bbeb-daa0-39ec-9e16-98e459f5c5a2 |t 0 |
| 952 | f | f | |a Texas A&M University |b College Station |c Electronic Resources |d Available Online |t 0 |e HRG-1999-HEW-0026 |h Other scheme |
| 998 | f | f | |a HRG-1999-HEW-0026 |t 0 |l Available Online |